すしあつめ 実績 - Statistics

General Stats
  • This quiz has been taken 18 times
  • The average score is 23 of 87
Answer Stats
No. 条件 実績名 % Correct
38 廃棄の取り消し操作が累計50回に達した。 食糧難
100%
6 レーンを魚じゃないネタで埋める。 生魚が苦手
80%
10 シャリがすべて埋まっている状態でアプリを起動したまま5分放置。 職人もたまには休みたい
80%
11 ヘルプを累計10回見る。 初老
80%
14 たまご・プリン・ハンバーグ・ウインナー・カレーが同時にレーンに存在する。 お子様ランチ
80%
55 「マヨ」が名前に入ったSUSHIでレーンを埋める。 マヨラー
80%
1 SUSHIを持った状態で15秒経過。 職人のぬくもり
60%
3 SUSHIを持った状態で3分経過。 食中毒職人
60%
4 あんきも・白子・カツオ・アジ・いか・サーモンでレーンを埋める。 痛風まったなし
60%
12 音のON/OFFの切り替えを10回連続でする。 耳への暴力
60%
31 「今すぐシャリを完成」を累計5回利用する。 時代はオートメーション
60%
32 連鎖中にSUSHIを繋げて連鎖をさらに延長する。 連鎖ジャンキー
60%
49 アジ、サバ、サンマ、コハダ、サヨリ、ニシンでレーンを埋める。 ひかりもの
60%
50 イカがメインのSUSHIでレーンを埋める。 深海戦隊イカレンジャー
60%
66 レーン上を1周半連鎖させる。 追っかけファン
60%
71 独特な臭みが有名なものでレーンを埋める。 なんか臭わない?
60%
72 全て違うSUSHIでレーンを埋める。 1日18品目
60%
16 揚げ物でレーンを埋める。 AGEAGE!
60%
61 肝を使ったSUSHIでレーンを埋める。 THE LIVER
60%
60 川の魚を使ったSUSHIでレーンを埋める。 THE RIVER
60%
7 プレミアムカプセルを引く。 プレミアムカプセラー
40%
9 プレミアムカプセルを累計1500回引く。 カプセル廃人
40%
18 野菜、果物でレーンを埋める。 菜食主義者
40%
21 デザート系でレーンを埋める。 甘いものは別腹
40%
24 SUSHIを累計10000回にぎる。”今までに握ったSUSHIの数を覚えているのか?” テン・サウザンド・メモリーズ
40%
27 レーン上を一周すべてSUSHIで埋める。
40%
34 「あがり」を仕入れる。ここまでやりこんでくれたあなたに、最高の感謝を。 ありがとう
40%
35 レア皿のSUSHIを連鎖させる。 さらなる高みへ
40%
53 タコ唐揚、からあげ、フライドポテト、枝豆、ふなずし、ブリカマ塩焼、鯛のアラ炊きでレーンを埋める。 おつまみ系メニュー
40%
57 かき氷、黒ごまアイス、あんみつ、抹茶パフェ、おはぎでレーンを埋める。 和すぅいーつ
40%
70 「巻」が入っているものだけでレーンを埋める。 秘伝の巻物
40%
78 宇宙の秘密を見た 根源
40%
81 システム設定で、背景を10回きせかえる。 気晴らし
40%
36 廃棄の取り消し操作が累計5回に達した。 MOTTAINAI
40%
40 レーンを一周全て埋めた状態でフィーバーを開始した。 SUSHIという名の小宇宙
40%
2 SUSHIを持った状態で1分経過。 生暖かい寿司と視線
20%
5 レーンの寿司を1つずつ空けて埋める。 人見知り寿司
20%
8 プレミアムカプセルを累計90回引く。 カプセルマスター
20%
17 貝類でレーンを埋める。 貝になりたい
20%
22 SUSHIを累計100回にぎる。 ホームパーティー
20%
33 レーン上を一周連鎖させる。 回るエンターテイナー
20%
37 廃棄の取り消し操作が累計10回に達した。 寿司への未練
20%
45 肉がメインのSUSHIでレーンを埋める。 魚への肉しみ
20%
47 まぐろがメインのSUSHIでレーンを埋める。 まぐろづくし
20%
59 乳製品でレーンを埋める。 まろやかミルク
20%
69 パエリア、クラムチャウダー、アヒージョ、フィッシュアンドチップス、ニシンパイ、シュールストレミングス、エビ餃子、ムニエル、キンパのいずれかでレーンを埋める。 世界の板場から
20%
73 わさびブースト中にさらにわさびブーストする。 追いわさび
20%
75 【職人修行応援・かべがみ付き】50番目のSUSHI(カキ)に到達する。 すしの冬
20%
80 システム設定で、右上のやつを着せ替えた。 慈悲の心
20%
83 大漁祭を10回開く〜OH!祭りYAROU!〜 お祭り野郎
20%
82 最後のSUSHIへと至る。その先は、観測できない。 暗黒物質(dark matter)
20%
39 フィーバー時のトップスピードが上限に達した。 over-rev
20%
15 軍艦のみでレーンを埋める。 連合艦隊司令長官
0%
19 鶏肉と鶏卵を使った皿でレーンを埋める。 たまごひよこチキン
0%
20 魚卵だけでレーンを埋める。 プチプチ中毒
0%
23 SUSHIを累計1000回にぎる。 ネタのせマシーン
0%
25 SUSHIを累計50000回にぎる。世界に広がるSUSHI仲間の輪! フランチャイズ展開
0%
26 レーン上の寿司を累計100回捨てる。 鮮度へのこだわり
0%
29 シャリを累計3000回混ぜる。「シャリ炊き3年、合わせ5年、握り一生」 下積み時代
0%
30 シャリを累計30000回混ぜる。 シャリ担当
0%
41 甲殻類を使ったSUSHIでレーンを埋める。 甲殻機動隊
0%
42 ご当地系のSUSHIでレーンを埋める。 ご当地グルメコンテスト
0%
43 アボカドを使ったSUSHIでレーンを埋める。 森のバターと海の幸
0%
44 海藻がメインのSUSHIでレーンを埋める。 髪生える
0%
48 鯛を使ったSUSHIでレーンを埋める。 鯛ランド
0%
51 エビがメインのSUSHIでレーンを埋める。 シュリンプ・ブラウン・ロブスター
0%
56 汁物でレーンを埋める。 寿司屋の極上出汁
0%
58 フカヒレ、ぎょうざ、からあげ、エビチリ軍艦、杏仁豆腐でレーンを埋める。 中華風
0%
62 SUSHIを持った状態で5分経過。 発光職人
0%
63 SUSHIを累計100000回にぎる。 ひとり寿司コーポレーション
0%
64 レーン上のSUSHIを累計1000回捨てる。 品質管理責任者
0%
65 シャリを累計100000回混ぜる。 この道一筋
0%
67 レーン上を2周連鎖させる。 連鎖の鬼神
0%
68 そろそろ喉が渇いた。ドリンクでレーンを埋める。 飯粒を流し込む奔流
0%
76 【職人修行応援・かべがみ付き】64番目のSUSHI(あいがも)に到達する。 職人、大空に羽ばたく
0%
77 【職人修行応援・かべがみ付き】83番目のSUSHI(レインボーロール)に到達する。 今こそ思い出せ和の心
0%
79 根源へと100回お参りした。 お百度参り
0%
86 クイズすしあつめマスター編クリア クイズ王
0%
87 蓄えられた膨大なSUSHI知識は、他の職人を遥かに凌駕する、まさに知の巨人。(クイズすしあつめ廃人編クリア) 知の巨人
0%
54 「あぶり」が名前に入ったSUSHIでレーンを埋める。 あぶりかるびって3回言って
0%
52 練り物でレーンを埋める。 I only love CHIKUWA
0%
13 すしあつめを累計10時間以上遊ぶ。 NO SUSHI. NO LIFE
0%
46 サーモンがメインのSUSHIでレーンを埋める。 サーモンorトラウト
0%
84 クイズすしあつめ初級編クリア SQC会員バッジ
0%
74 【職人修行応援・かべがみ付き】36番目のSUSHI(なまこ)に到達する。 ドキッ☆sushiだらけの水泳大会
0%
85 クイズすしあつめスペシャリスト編クリア おしえて!SUSHI博士
0%
28 シャリを累計300回混ぜる。 Time is money
0%
No matching quizzes found
Score Distribution
Percent of People with Each Score
Percentile by Number Answered
Your Score History
You have not taken this quiz